Kraje z największą liczbą użytkowników Linkedin - Statystyki

Ogólne statystyki
  • Ten quiz został rozwiązany 59 razy
    56 od ostatniego zresetowania
  • Średni wynik to 12 z 15
Statystyki odpowiedzi
Użytkownicy Państwa % Poprawnych
208M Stany Zjednoczone
98%
23M Kanada
94%
24M Meksyk
94%
107M Indie
90%
30M Francja
88%
65M Brazylia
86%
20M Hiszpania
86%
18M Niemcy
86%
40M Wielka Brytania
86%
20M Włochy
82%
15M Australia
75%
16M Turcja
73%
30M Indonezja
61%
15M Filipiny
51%
59M Chiny
4%
Nie znaleziono quizów pasujących do podanych kryteriów
Rozkład punktacji
Procent ludzi z każdym wynikiem
Percentyl według liczby udzielonych odpowiedzi
Twoja historia wyników
Nie rozwiązałeś tego quizu od ostatniego zresetowania